Joueurs de foot : binôme et trinôme - Statistiques

Statistiques générales
  • Ce quiz a été pris 271 fois
  • Le résultat moyen est 8 sur 11
Statistiques - réponses
Hint Réponse % Correct
Iniesta Xavi
97%
Messi, Suarez Neymar
93%
Kroos Modric
87%
Bale, Benzema Ronaldo
86%
Gavi Pedri
84%
Marquinhos Thiago Silva
81%
Bonucci Chiellini
78%
C. Ronaldo Messi
60%
Pele Maradona
56%
Muller Lewandowski
53%
Ramos Pique
48%
Aucun quiz correspondant
Distribution des résultats
% des personnes avec chaque résultat
Percentile par nombre de réponses
Votre historique - résultats
Vous n’avez pas pris ce quiz